000 004380000a22001810004500
003 MACL
005 20151010101927.0
008 151010b xxu||||| |||| 00| 0 eng d
040 _aMACL
_cMACL
041 _aEnglish
082 _a920
100 _aNanda, B R
_98980
245 _aMotilal Nehru
_bBuilders of Modern India
260 _bPublication Division
_c1970
350 _a3.25
650 _aBiography
_914201
942 _cBK
_k920
_2ddc
999 _c7828
_d7828